| 000 | 00582nam a2200217 a 4500 | ||
|---|---|---|---|
| 001 | 19711 | ||
| 003 | CO-ViMGA | ||
| 008 | 141112s2004 ck r 000 u spa d | ||
| 020 | _a844930136X | ||
| 040 |
_aCO-ViMGA _bspa _cCO-ViMGA |
||
| 082 | 0 | 4 | _a291.37 G835 |
| 100 | 1 |
_aGuenon, Rene _928533 |
|
| 245 | 1 | 0 | _aSímbolos fundamentales de la ciencia sagrada |
| 260 |
_aBarcelona : _bPaidos; 1995 |
||
| 300 | _a339 p. | ||
| 490 | _aPaidos Orientalia | ||
| 590 | _aForma de adquisición : Premio Mincultura | ||
| 650 | 1 | 4 |
_aMETAFISICA _98479 |
| 650 | 1 | 4 | _aSIMBOLISMO |
| 942 |
_2ddc _cBK |
||
| 999 |
_c28846 _d28846 |
||